Normal view
MARC view
- العراق-علاقات خارجية- الكويت- تاريخ
Entry Topical Term
001 - CONTROL NUMBER
- control field: 13827
003 - CONTROL NUMBER IDENTIFIER
- control field: JO-AjAnu
005 - DATE AND TIME OF LATEST TRANSACTION
- control field: 20230606072518.0
008 - FIXED-LENGTH DATA ELEMENTS
- fixed length control field: 230606|| aca||aabn | a|a d
040 ## - CATALOGING SOURCE
- Original cataloging agency: JO-AjAnu
- Transcribing agency: JO-AjAnu
150 ## - HEADING--TOPICAL TERM
- Topical term or geographic name entry element: العراق-علاقات خارجية- الكويت- تاريخ
670 ## - SOURCE DATA FOUND
- Source citation: Work cat.: (JO-AjAnu)7110: تاليف النجار، مصطفى عبد القادر، م. مشارك الحديثي، نزار عبد اللطيف, author 13826, سقوط التجزئة: دراسة تاريخية عن عودة قضاء الكويت إلى العراق